Biggest cities on Funen by population - Statistics

General Stats
  • This quiz has been taken 10 times
  • The average score is 13 of 20
Answer Stats
Population Answer Rank % Correct
6,06k Assens 7
100%
6,8k Faaborg 5
100%
17,9k Nyborg 3
100%
182k Odense 1
100%
27,6k Svendborg 2
100%
4,07k Bogense 15
75%
6,03k Kerteminde 8
75%
16,6k Middelfart 4
75%
5,2k Otterup 11
75%
6,6k Ringe 6
75%
5,8k Bellinge 9
50%
3,35k Glamsbjerg 16
50%
4,29k Langeskov 13
50%
5,5k Munkebo 10
50%
3,291k Søndersø 18
50%
4,8k Strib 12
50%
3,297k Vissenbjerg 17
50%
3,2k Aarup 20
25%
4,25k Årslev 14
25%
3,22k Nørre Aaby 19
0%
No matching quizzes found
Score Distribution
Percent of People with Each Score
Percentile by Number Answered
Your Score History
You have not taken this quiz